Artists Timbaland Has Written Songs For - Statistics

General Stats
  • This quiz has been taken 26 times
  • The average score is 7 of 12
Answer Stats
Year Song Artist % Correct
2006 Sexyback Justin Timberlake
95%
2006 Promiscuous Nelly Furtado
95%
2008 4 Minutes Madonna
89%
2013 Drunk In Love Beyoncé
79%
2001 Get Ur Freak On Missy Elliott
79%
2007 Ayo Technology 50 Cent
53%
2000 Try Again Aaliyah
53%
2008 Rehab Rihanna
47%
1999 Big Pimpin' Jay Z
42%
2009 Give It Up To Me Shakira
32%
2005 Wait A Minute The Pussycat Dolls
32%
1994 Can U Get Wit It Usher
11%
No matching quizzes found
Score Distribution
Percent of People with Each Score
Percentile by Number Answered
Your Score History
You have not taken this quiz